Най-тежките катастрофи в света през XX век (Запис номер 189607)
[ съкратено ]
| 000 -Лидер | |
|---|---|
| Контролно поле с фиксирана дължина | 02454nam a2200457 c 4500 |
| 003 - Код на организацията, давaща контролен номер | |
| Контролно поле | BLK |
| 005 - Дата и час на последна редакция | |
| Контролно поле | 20240927105300.0 |
| 008 - Елементи от данни с фиксирана дължина | |
| fixed length control field | 180411b bul|||||r ||||||| ||bul|| |
| 010 ## - Наследен системен номер | |
| LC control number | KNG00198651000 |
| 020 ## - Международен стандартен номер на книга ISBN | |
| Международен стандартен номер на книга ISBN | 954-8456-97-4 |
| -- | издат.: Унискорп |
| 040 ## - Източник на каталожния запис | |
| Идентификатор на билиотеката - собственик на записа | BLK |
| 041 ## - Код за език | |
| Код за езика на текст/звукозапис или на отделно заглавие | Български |
| Код за езика КДБФ | Български |
| 072 #7 - Код за тематичната категория | |
| Код организация | bullib |
| Код за тематична категория | Н62 |
| Текст | Приложни науки. Техника Н |
| 080 ## - УДК | |
| Текстов определител УДК | Аварии и произшествия в транспорта. Оказване на помощ. Вж и 614.8 |
| УДК код - определител по УДК | 656.08 |
| УДК определител | (100)(091)(02.062) |
| УДК - код + определител | 656.08(100)(091)(02.062) |
| 080 ## - УДК | |
| Текстов определител УДК | Санитарна защита от злополуки. Опасности от възникване на увреждания. Първа помощ |
| УДК код - определител по УДК | 614.8 |
| УДК определител | (100)(091)(02.062) |
| УДК - код + определител | 614.8(100)(091)(02.062) |
| 080 ## - УДК | |
| Текстов определител УДК | Природна среда и опасност от нарушаване на равновесието в нея(в цялост)-Фактори, влияещи на равновесието;опасност за природната среда от страна на селското стопанство и промишлеността (освен замърсяв |
| УДК код - определител по УДК | 502.5 |
| УДК определител | (100)(091)(02.062) |
| УДК - код + определител | 502.5(100)(091)(02.062) |
| 139 ## - Редно поле | |
| Редна дума | Най-тежките катастрофи в света през XX век |
| Авторски знак | Наи - Н 17 |
| 245 10 - Сведения за заглавието | |
| Заглавие | Най-тежките катастрофи в света през XX век |
| Редно поле (дума) | прев. Сашка Георгиева. |
| 257 ## - Страна на издаване | |
| Страна на създаване/издаване | България |
| 260 ## - Област на издателските данни | |
| -- | София |
| Име на издателя, разпространителя и проч. | Унискорп |
| Година на издаване | 2004 |
| 300 ## - Физическа характеристика | |
| Страници | 212 с. |
| Илюстрации и др. | с ил. |
| Размери/Мащаб | 20 см |
| 380 ## - Жанр | |
| Жанр | Техника |
| 490 1# - СЕРИИ (Колекции) | |
| Име на серия | Поредица Най-скандалните |
| 500 ## - Общи забележки | |
| Забележка | Ориг. загл. The World's Disasters of the Twentieth Century. - Офс. изд. |
| 650 #4 - Допълнително описание по предмет – тема | |
| Основно описание – тема или топоним | Злополуки |
| 9 (RLIN) | 156090 |
| 650 #4 - Допълнително описание по предмет – тема | |
| Основно описание – тема или топоним | Транспорт - злополуки |
| 9 (RLIN) | 269454 |
| 650 #4 - Допълнително описание по предмет – тема | |
| Основно описание – тема или топоним | Аварии |
| 9 (RLIN) | 146198 |
| 650 #4 - Допълнително описание по предмет – тема | |
| Основно описание – тема или топоним | Природни бедствия |
| 9 (RLIN) | 260341 |
| 653 ## - Ключова дума – ненормативна | |
| Ключова дума | злополуки |
| 653 ## - Ключова дума – ненормативна | |
| Ключова дума | транспортни злополуки |
| 653 ## - Ключова дума – ненормативна | |
| Ключова дума | природни бедствия |
| 653 ## - Ключова дума – ненормативна | |
| Ключова дума | катастрофи |
| 659 ## - Тематичен бюлетин | |
| Тематичен бюлетин | Н |
| 700 1# - Други автори (авторска отговорност) | |
| Лично име | Георгиева, Сашка |
| Автороска отговорност (Описва отношението между автора и произведението) | прев. |
| 9 (RLIN) | 344887 |
| 852 ## - Местоположение | |
| Форматна сигнатура | Цб 283754 |
| 856 4# - Електронен адрес и достъп | |
| Електронен формат | pdf - файл |
| Път до файла /url/ | |
| 856 4# - Електронен адрес и достъп | |
| Електронен формат | pdf - файл |
| Път до файла /url/ | |
| 942 ## - АРТИКУЛИ | |
| Вид на библиотечния материал | Книги |
| Скрит в OPAC | Не |
| Koha issues (borrowed), all copies | 3 |
| 944 ## - СЪЗДАВАНЕ И РЕДАКЦИЯ на ЗАПИСА | |
| Създаване/Редакция | Създаване |
| Дата на регистрацията/редакция | 20.12.2016 |
| Статус, дата на статуса | Минев Младен |
| Служител, извършил регистрацията/редакцията | 30530 |
| 944 ## - СЪЗДАВАНЕ И РЕДАКЦИЯ на ЗАПИСА | |
| Създаване/Редакция | Редакция |
| Дата на регистрацията/редакция | 17.01.2017 |
| Статус, дата на статуса | ф / |
| Служител, извършил регистрацията/редакцията | Людмила_Стоянова |
| 999 ## - СИСТЕМНИ КОНТРОЛНИ НОМЕРА | |
| Koha biblionumber | 189607 |
| Koha biblioitemnumber | 189607 |
| Код за отписване | Код за изгубен артикул | Код за повреда | Коз за рестрикции | Код за отдаване | Артикулен № | Име на библиотеката - собственик | Име на библиотеката, в която се намира в момента | Статус (Текущо местоположение) | Дата на вписване в системата | Местоположение - отдел | Цена в лева | Инвентарен номер | Систематично азбучна сигнатура | Баркод | Номер на екземпляра | Цена в евро | Служебна бележка | Служебен тип на артикула |
|---|---|---|---|---|---|---|---|---|---|---|---|---|---|---|---|---|---|---|
| Не е изгубен | Не е повреден | без рестрикции | заемане за дома | 333681 | Регионална библиотека "Любен Каравелов" Русе | Регионална библиотека "Любен Каравелов" Русе | Заемна - подръчен фонд | 2016-12-21 | Заемна - подръчен фонд | 5.00 | 120000807084 | П 656/Н 17 | 120000807084 | 1 | 2.56 | Дост: Pk Вид: Ф N: 475 Дата: 19.12.2016 Дата инв: 06.02.2018 Бележки инв: П2018 | Книги |